00486nam a2200193 a 4500001001300000003000900013005001700022008004100039020000800080082001700088100002100105245001600126260004300142300000800185500003500193505002700228650001600255700002100271nice12345678IN_TiNIC20260116011306.0050524s1900 luda grp 000 0 eng  ac100a340.59bAHM1 aAhmed Shah, Khan aIzharul Haq aLudhianabAmerican Tract Societyc1900 a31p aincludes index and biblioraphy2 aPlus Some Other Tracts aIslamic-Law1 aAhmed Shah, Khan